000
00277nam a22001217a 4500
008
181217b xxu||||| |||| 00| 0 eng d
041
_a
eng
080
_a
616.12
100
_a
7
101
_a
KARD
245
_a
The Handbook of Cardiovascular Drugs
_c
Davis,P
942
_2
udc
_c
BK
999
_c
53194
_d
53194